000 00323nam a2200109Ia 4500
008 220204s9999 xx 000 0 und d
082 _a633.841(047)
_bSPI
245 0 _aSeminar on pepper: Report and recommendations
260 _aErnakulam
_bSpices Export Promotion Council
_c1967
650 _aPepper cultivation
942 _cBK
999 _c26420
_d26420